[Event "POL-chT1"]
[Site "Szklarska Poreba"]
[Date "2013.09.13"]
[Round "7"]
[White "Gritsak, Orest"]
[Black "Staniszewski, Piotr"]
[Result "0-1"]
[WhiteElo "2544"]
[BlackElo "2424"]
[PlyCount "98"]
[EventDate "2013.09.07"]
[EventType "team-tourn"]
[EventRounds "9"]
[EventCountry "POL"]
[SourceTitle "EXT 2015"]
[Source "ChessBase"]
[SourceDate "2014.11.20"]
[SourceVersion "1"]
[SourceVersionDate "2014.11.20"]
[SourceQuality "1"]
[WhiteTeam "Lublin Drakon"]
[BlackTeam "Ostrow Wielkopolski"]
[WhiteTeamCountry "POL"]
[BlackTeamCountry "POL"]

1. d4 d5 2. c4 c6 3. Nf3 Nf6 4. Qc2 dxc4 5. Qxc4 Bf5 6. g3 e6 7. Bg2 Nbd7 8. 0-0 Be7 9. e3 0-0 10. Rd1 Qb6 11. Nc3 Ne4 12. Ne1 Ndf6 13. f3 Nxc3 14. bxc3 e5 15. e4 Be6 16. Qa4 Rfd8 17. Be3 Qb2 18. Rdc1 Nd7 19. Bf2 Nb6 20. Qd1 Qa3 21. f4 exf4 22. gxf4 f5 23. Qd3 Rf8 24. Nc2 Qd6 25. e5 Qd7 26. Ne3 Nd5 27. Nxd5 cxd5 28. a4 Rfc8 29. Qb5 Qxb5 30. axb5 Rc4 31. Bf1 Rcc8 32. Rc2 Bb4 33. Be1 b6 34. c4 a5 35. bxa6 Bxe1 36. Rxe1 Rxa6 37. cxd5 Rxc2 38. dxe6 Ra5 39. Rb1 Kf8 40. Rxb6 Rc1 41. Rb7 Raa1 42. d5 Rxf1+ 43. Kg2 Rfb1 44. Rf7+ Kg8 45. Rc7 Rb2+ 46. Kg3 Ra3+ 47. Kh4 h6 48. Kh5 Kh7 49. h4 Rh2 0-1

[Event "POL-chT1"]
[Site "Szklarska Poreba"]
[Date "2013.09.12"]
[Round "6"]
[White "Staniszewski, Piotr"]
[Black "Cyborowski, Lukasz"]
[Result "1-0"]
[WhiteElo "2424"]
[BlackElo "2532"]
[PlyCount "55"]
[EventDate "2013.09.07"]
[EventType "team-tourn"]
[EventRounds "9"]
[EventCountry "POL"]
[SourceTitle "EXT 2015"]
[Source "ChessBase"]
[SourceDate "2014.11.20"]
[SourceVersion "1"]
[SourceVersionDate "2014.11.20"]
[SourceQuality "1"]
[WhiteTeam "Ostrow Wielkopolski"]
[BlackTeam "Miedzyborow Wrzos"]
[WhiteTeamCountry "POL"]
[BlackTeamCountry "POL"]

1. d4 Nf6 2. c4 e6 3. Nf3 d5 4. Nc3 dxc4 5. e4 Bb4 6. Bg5 c5 7. Bxc4 cxd4 8. Nxd4 Qa5 9. Bd2 Qc5 10. Bb5+ Bd7 11. Nb3 Qb6 12. Bd3 Nc6 13. Be3 Bxc3+ 14. bxc3 Qc7 15. 0-0 Ne5 16. Bf4 Qxc3 17. Be2 Ng6 18. Rc1 Qb4 19. Bd6 Qxe4 20. Bf3 Qa4 21. Bxb7 Rd8 22. Bc7 0-0 23. Nc5 Qxa2 24. Qd3 Nd5 25. Bxd5 exd5 26. Rc2 Bb5 27. Rxa2 Bxd3 28. Nxd3 1-0

[Event "Warsaw Najdorf Memorial op-A 11th"]
[Site "Warsaw"]
[Date "2013.08.10"]
[Round "6"]
[White "Staniszewski, Piotr"]
[Black "Piorun, Kacper"]
[Result "0-1"]
[WhiteElo "2432"]
[BlackElo "2552"]
[PlyCount "82"]
[EventDate "2013.08.05"]
[EventType "swiss"]
[EventRounds "9"]
[EventCountry "POL"]
[SourceTitle "CBM 155 Extra"]
[Source "ChessBase"]
[SourceDate "2013.08.26"]
[SourceVersion "1"]
[SourceVersionDate "2013.08.26"]
[SourceQuality "1"]

1. d4 Nf6 2. c4 g6 3. Nc3 Bg7 4. e4 d6 5. Be2 0-0 6. Bg5 Na6 7. Nf3 Qe8 8. Nd2 Nd7 9. Nd5 e6 10. Ne7+ Kh8 11. Nxc8 Rxc8 12. Nf3 e5 13. d5 f5 14. Be3 Nac5 15. Nd2 Nf6 16. exf5 gxf5 17. 0-0 Qg6 18. Qc2 Bh6 19. Bxh6 Qxh6 20. Rad1 a5 21. b3 f4 22. Rfe1 Rg8 23. Bf3 Rg5 24. a3 Rcg8 25. Kh1 e4 26. Nxe4 Ncxe4 27. Rxe4 Nxe4 28. Qxe4 Qf6 29. Qe6 Qg7 30. Qh3 Re5 31. Qh4 Rge8 32. h3 Qg5 33. Qxg5 Rxg5 34. Kh2 Rge5 35. Rd4 Rf8 36. Be4 Kg7 37. Kg1 h6 38. Kf1 Rfe8 39. f3 Kf6 40. Bd3 Re1+ 41. Kf2 Ke5 0-1

[Event "Warsaw Najdorf Memorial op-A 11th"]
[Site "Warsaw"]
[Date "2013.08.06"]
[Round "2"]
[White "Staniszewski, Piotr"]
[Black "Choroszej, Aleksander"]
[Result "1-0"]
[WhiteElo "2432"]
[BlackElo "2147"]
[PlyCount "43"]
[EventDate "2013.08.05"]
[EventType "swiss"]
[EventRounds "9"]
[EventCountry "POL"]
[SourceTitle "CBM 155 Extra"]
[Source "ChessBase"]
[SourceDate "2013.08.26"]
[SourceVersion "1"]
[SourceVersionDate "2013.08.26"]
[SourceQuality "1"]

1. d4 g6 2. c4 Bg7 3. e4 d6 4. Nf3 Nf6 5. Nc3 0-0 6. Be2 e5 7. d5 a5 8. h3 Na6 9. Bg5 Qe8 10. g4 Nc5 11. Nd2 h6 12. Be3 Nfd7 13. Nf1 f5 14. gxf5 gxf5 15. exf5 e4 16. Rg1 Kh7 17. Ng3 Ne5 18. Bxc5 dxc5 19. Ncxe4 Kh8 20. Nh5 Nxc4 21. Nxg7 Qxe4 22. Qc1 1-0

[Event "POL-chT 1st League"]
[Site "Poronin"]
[Date "2012.09.??"]
[Round "8"]
[White "Kolosowski, Mateusz"]
[Black "Staniszewski, Piotr"]
[Result "1/2-1/2"]
[WhiteElo "2431"]
[BlackElo "2419"]
[PlyCount "83"]
[EventDate "2012.09.01"]
[EventType "team-tourn"]
[EventRounds "9"]
[EventCountry "POL"]
[SourceTitle "EXT 2013"]
[Source "ChessBase"]
[SourceDate "2012.11.22"]
[SourceVersion "1"]
[SourceVersionDate "2012.11.22"]
[SourceQuality "1"]
[WhiteTeam "Pawlowice GKS Pniowek 74"]
[BlackTeam "Ostrow Wielkopolski"]
[WhiteTeamCountry "POL"]
[BlackTeamCountry "POL"]

1. d4 Nf6 2. c4 e6 3. g3 d5 4. Nf3 Be7 5. Bg2 0-0 6. 0-0 dxc4 7. Qc2 a6 8. Qxc4 b5 9. Qc2 Bb7 10. Bd2 Be4 11. Qc1 c6 12. Rd1 Bxf3 13. Bxf3 Qxd4 14. a4 b4 15. Be3 Qe5 16. Nd2 Qc7 17. Nc4 Nbd7 18. Bf4 e5 19. Qe3 Nd5 20. Bxd5 exf4 21. Qxe7 cxd5 22. Nd6 fxg3 23. hxg3 Ra7 24. Rxd5 Nf6 25. Qxc7 Rxc7 26. Ra5 Ra8 27. Rb1 g6 28. b3 Rc6 29. Nc4 Rd8 30. f3 Rd5 31. Rxd5 Nxd5 32. Rd1 Nc3 33. Rd8+ Kg7 34. Kf2 Rc5 35. Rd4 h5 36. Nb2 Rd5 37. Rxd5 Nxd5 38. e4 Ne7 39. Nd3 Nc6 40. Ke3 g5 41. f4 Kg6 42. a5 1/2-1/2

[Event "POL-chT 1st League"]
[Site "Poronin"]
[Date "2012.09.??"]
[Round "1"]
[White "Markowski, Tomasz"]
[Black "Staniszewski, Piotr"]
[Result "0-1"]
[WhiteElo "2577"]
[BlackElo "2419"]
[PlyCount "50"]
[EventDate "2012.09.01"]
[EventType "team-tourn"]
[EventRounds "9"]
[EventCountry "POL"]
[SourceTitle "EXT 2013"]
[Source "ChessBase"]
[SourceDate "2012.11.22"]
[SourceVersion "1"]
[SourceVersionDate "2012.11.22"]
[SourceQuality "1"]
[WhiteTeam "Kozuchow Odrodzenie"]
[BlackTeam "Ostrow Wielkopolski"]
[WhiteTeamCountry "POL"]
[BlackTeamCountry "POL"]

1. d4 Nf6 2. c4 e6 3. Nf3 d5 4. Nc3 Be7 5. Bg5 0-0 6. e3 h6 7. Bh4 Ne4 8. Bxe7 Qxe7 9. Nxe4 dxe4 10. Nd2 e5 11. d5 f5 12. Be2 Nd7 13. 0-0 Nf6 14. Qc2 a5 15. Rad1 Nd7 16. Nb1 Nc5 17. Nc3 Ra6 18. Rfe1 Rg6 19. g3 h5 20. Bxh5 Rh6 21. Be2 g5 22. Bf1 Qh7 23. d6 Rxh2 24. Bg2 Kg7 25. Rd5 cxd6 0-1

[Event "POL-chT 1st League"]
[Site "Poronin"]
[Date "2012.09.??"]
[Round "2"]
[White "Staniszewski, Piotr"]
[Black "Sadzikowski, Daniel"]
[Result "1/2-1/2"]
[WhiteElo "2419"]
[BlackElo "2445"]
[PlyCount "62"]
[EventDate "2012.09.01"]
[EventType "team-tourn"]
[EventRounds "9"]
[EventCountry "POL"]
[SourceTitle "EXT 2013"]
[Source "ChessBase"]
[SourceDate "2012.11.22"]
[SourceVersion "1"]
[SourceVersionDate "2012.11.22"]
[SourceQuality "1"]
[WhiteTeam "Ostrow Wielkopolski"]
[BlackTeam "Krakow TKKF Drogowiec"]
[WhiteTeamCountry "POL"]
[BlackTeamCountry "POL"]

1. d4 Nf6 2. c4 g6 3. Nc3 d5 4. cxd5 Nxd5 5. e4 Nxc3 6. bxc3 Bg7 7. Bc4 c5 8. Ne2 Nc6 9. Be3 0-0 10. 0-0 b6 11. Rc1 Bb7 12. f4 Na5 13. Bd3 f5 14. exf5 gxf5 15. dxc5 bxc5 16. Ng3 e6 17. Qe2 Qc7 18. Qf2 Rac8 19. Rfd1 Rfd8 20. Nh5 Kh8 21. Nxg7 Qxg7 22. c4 Nc6 23. Bxc5 Nd4 24. Bxd4 Rxd4 25. Bf1 Rcd8 26. Rxd4 Qxd4 27. c5 Bc6 28. Re1 Be4 29. Rc1 Bc6 30. Re1 Be4 31. Rc1 Bc6 1/2-1/2

[Event "Warsaw Najdorf Memorial op-A 10th"]
[Site "Warsaw"]
[Date "2012.08.08"]
[Round "3"]
[White "Staniszewski, Piotr"]
[Black "Lewtak, Damian"]
[Result "0-1"]
[WhiteElo "2429"]
[BlackElo "2269"]
[PlyCount "98"]
[EventDate "2012.08.06"]
[EventType "swiss"]
[EventRounds "9"]
[EventCountry "POL"]
[SourceTitle "CBM 149 Extra"]
[Source "ChessBase"]
[SourceDate "2012.08.24"]
[SourceVersion "1"]
[SourceVersionDate "2012.08.24"]
[SourceQuality "1"]

1. d4 d5 2. c4 c6 3. Nf3 Nf6 4. Nc3 dxc4 5. a4 Bf5 6. Ne5 Nbd7 7. Nxc4 Nb6 8. Ne3 Bg6 9. a5 Nbd7 10. g3 e5 11. d5 cxd5 12. Nexd5 Bc5 13. Bg5 0-0 14. Bh3 h6 15. Bh4 Bh7 16. Bxd7 g5 17. Bxg5 hxg5 18. Bh3 Bd4 19. Bg2 Nxd5 20. Bxd5 Qf6 21. 0-0 Kg7 22. e3 Bxc3 23. bxc3 Rad8 24. Qf3 Bd3 25. Rfe1 Qxf3 26. Bxf3 e4 27. Be2 Rc8 28. Ra3 Rfd8 29. Kg2 f5 30. Rb3 Rc7 31. c4 Kf6 32. Bxd3 exd3 33. Rd1 Rcd7 34. Rd2 Ke5 35. f3 a6 36. Rb6 f4 37. gxf4+ gxf4 38. Kf2 Rh8 39. exf4+ Kd4 40. Ke1 Rg8 41. Rb3 Kxc4 42. Ra3 Rgd8 43. Rg2 Kb4 44. Ra1 Rd5 45. Rb2+ Kc3 46. Rxb7 d2+ 47. Kd1 Rg8 48. Ra3+ Kc4 49. Ra4+ Kc5 0-1

[Event "POL-chT1"]
[Site "Mrzezyno"]
[Date "2011.09.06"]
[Round "4"]
[White "Staniszewski, Piotr"]
[Black "Sadzikowski, Daniel"]
[Result "1/2-1/2"]
[WhiteElo "2423"]
[BlackElo "2370"]
[PlyCount "75"]
[EventDate "2011.09.03"]
[EventType "team-tourn"]
[EventRounds "9"]
[EventCountry "POL"]
[SourceTitle "CBM 144 Extra"]
[Source "ChessBase"]
[SourceDate "2011.10.28"]
[SourceVersion "1"]
[SourceVersionDate "2011.10.28"]
[SourceQuality "1"]
[WhiteTeam "Ostrow Wielkopolski"]
[BlackTeam "Krakow TKKF Drogowiec"]
[WhiteTeamCountry "POL"]
[BlackTeamCountry "POL"]

1. d4 d5 2. Nf3 Nf6 3. c4 e6 4. Nc3 c6 5. e3 Nbd7 6. Bd3 dxc4 7. Bxc4 b5 8. Bd3 a6 9. e4 c5 10. d5 Qc7 11. 0-0 c4 12. dxe6 fxe6 13. Bc2 Bb7 14. Ng5 Nc5 15. e5 Qxe5 16. Re1 Qd6 17. Qxd6 Bxd6 18. Be3 0-0 19. Bxc5 Bxc5 20. Nxe6 Rfc8 21. h3 Rab8 22. Re5 Bb4 23. a4 Re8 24. axb5 Bxc3 25. bxc3 Bc8 26. Rae1 Rxb5 27. R5e2 Ra5 28. Nd4 Rxe2 29. Rxe2 Bd7 30. Be4 Ra1+ 31. Kh2 Nxe4 32. Rxe4 Kf8 33. Nf3 Bb5 34. Nd4 Rc1 35. Ne6+ Kf7 36. Nd8+ Kf8 37. Ne6+ Kf7 38. Nd8+ 1/2-1/2

[Event "Warsaw Najdorf Memorial op-A 09th"]
[Site "Warsaw"]
[Date "2011.07.20"]
[Round "7"]
[White "Czarnota, Pawel"]
[Black "Staniszewski, Piotr"]
[Result "1-0"]
[WhiteElo "2541"]
[BlackElo "2414"]
[PlyCount "57"]
[EventDate "2011.07.13"]
[EventType "swiss"]
[EventRounds "9"]
[EventCountry "POL"]
[SourceTitle "CBM 143 Extra"]
[Source "ChessBase"]
[SourceDate "2011.08.29"]
[SourceVersion "1"]
[SourceVersionDate "2011.08.29"]
[SourceQuality "1"]

1. c4 c5 2. Nf3 g6 3. d4 cxd4 4. Nxd4 Bg7 5. e4 Nc6 6. Be3 Nf6 7. Nc3 Ng4 8. Qxg4 Nxd4 9. Qd1 Ne6 10. Qd2 Qa5 11. Rc1 b6 12. Be2 Bb7 13. f3 g5 14. 0-0 d6 15. Rfd1 Be5 16. c5 bxc5 17. Bxg5 Nxg5 18. Qxg5 c4 19. Nd5 Bxd5 20. exd5 Qb6+ 21. Kh1 Qxb2 22. Bxc4 Rb8 23. Qf5 Qf2 24. Bb5+ Kf8 25. Rc8+ Rxc8 26. Qxc8+ Kg7 27. Qg4+ Kf6 28. f4 Bxf4 29. Rf1 1-0

[Event "Warsaw Najdorf Memorial op-A 09th"]
[Site "Warsaw"]
[Date "2011.07.18"]
[Round "5"]
[White "Staniszewski, Piotr"]
[Black "Malakhatko, Vadim"]
[Result "1/2-1/2"]
[WhiteElo "2414"]
[BlackElo "2548"]
[PlyCount "21"]
[EventDate "2011.07.13"]
[EventType "swiss"]
[EventRounds "9"]
[EventCountry "POL"]
[SourceTitle "CBM 143 Extra"]
[Source "ChessBase"]
[SourceDate "2011.08.29"]
[SourceVersion "1"]
[SourceVersionDate "2011.08.29"]
[SourceQuality "1"]

1. d4 d5 2. c4 dxc4 3. Nf3 a6 4. e3 b5 5. a4 Bb7 6. b3 e6 7. axb5 axb5 8. Rxa8 Bxa8 9. bxc4 bxc4 10. Bxc4 Nf6 11. 0-0 1/2-1/2

[Event "Warsaw Najdorf Memorial op-A 09th"]
[Site "Warsaw"]
[Date "2011.07.14"]
[Round "1"]
[White "Cherednichenko, Elena"]
[Black "Staniszewski, Piotr"]
[Result "0-1"]
[WhiteElo "2133"]
[BlackElo "2414"]
[PlyCount "56"]
[EventDate "2011.07.13"]
[EventType "swiss"]
[EventRounds "9"]
[EventCountry "POL"]
[SourceTitle "CBM 143 Extra"]
[Source "ChessBase"]
[SourceDate "2011.08.29"]
[SourceVersion "1"]
[SourceVersionDate "2011.08.29"]
[SourceQuality "1"]

1. d4 Nf6 2. Nf3 e6 3. e3 b6 4. Bd3 Bb7 5. 0-0 d5 6. Ne5 g6 7. b3 Nbd7 8. f4 Bg7 9. Ba3 c5 10. Nd2 0-0 11. Rc1 Rc8 12. Qf3 Rc7 13. g4 Nxe5 14. fxe5 Nd7 15. Qg3 f6 16. exf6 Rxf6 17. Rxf6 Nxf6 18. c3 Qc8 19. Rf1 cxd4 20. cxd4 Rc3 21. Bb1 Ba6 22. Rf2 e5 23. Qxe5 Nxg4 24. Qxd5+ Kh8 25. Rf7 Rxe3 26. Nf3 Nf6 27. Rxf6 Bxf6 28. Kf2 Bb7 0-1

[Event "POL-ch 68th"]
[Site "Warsaw"]
[Date "2011.02.20"]
[Round "9"]
[White "Staniszewski, Piotr"]
[Black "Sadzikowski, Daniel"]
[Result "1/2-1/2"]
[WhiteElo "2407"]
[BlackElo "2389"]
[PlyCount "93"]
[EventDate "2011.02.12"]
[EventType "swiss"]
[EventRounds "9"]
[EventCountry "POL"]
[SourceTitle "CBM 140 Extra"]
[Source "ChessBase"]
[SourceDate "2011.03.01"]
[SourceVersion "1"]
[SourceVersionDate "2011.03.01"]
[SourceQuality "1"]

1. d4 d5 2. c4 c6 3. Nf3 Nf6 4. Nc3 dxc4 5. a4 Bf5 6. Ne5 Nbd7 7. Nxc4 Qc7 8. g3 e5 9. dxe5 Nxe5 10. Bf4 Nfd7 11. Bg2 f6 12. 0-0 0-0-0 13. Nxe5 Nxe5 14. Qb3 Qf7 15. Qxf7 Nxf7 16. a5 a6 17. Na4 Ne5 18. Nb6+ Kb8 19. Nc4 Bd6 20. Nxd6 Rxd6 21. Rac1 Re8 22. e4 Bd7 23. Rfd1 Rxd1+ 24. Rxd1 Kc8 25. h3 f5 26. exf5 Bxf5 27. g4 Nd3 28. Be3 Nxb2 29. Rd4 Bg6 30. h4 c5 31. Rd5 Na4 32. Bxc5 Nxc5 33. Rxc5+ Kb8 34. Rd5 Kc7 35. Rc5+ Kb8 36. Rd5 Kc7 37. Rc5+ Kb8 38. Rd5 Re7 39. Kh2 Be4 40. Bxe4 Rxe4 41. Kg3 Kc7 42. h5 Re7 43. f4 b6 44. axb6+ Kxb6 45. f5 a5 46. g5 a4 47. f6 1/2-1/2

[Event "POL-ch 68th"]
[Site "Warsaw"]
[Date "2011.02.19"]
[Round "8"]
[White "Stoma, Pawel"]
[Black "Staniszewski, Piotr"]
[Result "0-1"]
[WhiteElo "2342"]
[BlackElo "2407"]
[PlyCount "88"]
[EventDate "2011.02.12"]
[EventType "swiss"]
[EventRounds "9"]
[EventCountry "POL"]
[SourceTitle "CBM 140 Extra"]
[Source "ChessBase"]
[SourceDate "2011.03.01"]
[SourceVersion "1"]
[SourceVersionDate "2011.03.01"]
[SourceQuality "1"]

1. e4 e5 2. Nf3 Nc6 3. Bb5 a6 4. Ba4 Nf6 5. d3 d6 6. c3 g6 7. Nbd2 Bg7 8. 0-0 0-0 9. Re1 Nd7 10. Bxc6 bxc6 11. Nc4 Nb6 12. Na5 c5 13. h3 Qe8 14. b4 Na4 15. Qe2 f5 16. d4 fxe4 17. Qxe4 Bf5 18. Qh4 e4 19. Bd2 cxb4 20. cxb4 Qd7 21. Rxe4 Bxe4 22. Qxe4 d5 23. Qc2 Rxf3 24. gxf3 Bxd4 25. Rd1 Nb2 26. Be3 Bxe3 27. Qxb2 Bb6 28. Nc4 Qxh3 29. Nxb6 Qxf3 30. Re1 Qg4+ 31. Kf1 Qh3+ 32. Kg1 Qg4+ 33. Kf1 cxb6 34. Re7 Qd1+ 35. Kg2 Qg4+ 36. Kf1 Qc4+ 37. Kg1 d4 38. Rd7 Re8 39. Rxd4 Re1+ 40. Kh2 Re2 41. Qa1 Rxf2+ 42. Kg3 Qe2 43. Rd8+ Kf7 44. Rd7+ Ke6 0-1

[Event "POL-ch 68th"]
[Site "Warsaw"]
[Date "2011.02.16"]
[Round "5"]
[White "Piorun, Kacper"]
[Black "Staniszewski, Piotr"]
[Result "1-0"]
[WhiteElo "2513"]
[BlackElo "2407"]
[PlyCount "117"]
[EventDate "2011.02.12"]
[EventType "swiss"]
[EventRounds "9"]
[EventCountry "POL"]
[SourceTitle "CBM 140 Extra"]
[Source "ChessBase"]
[SourceDate "2011.03.01"]
[SourceVersion "1"]
[SourceVersionDate "2011.03.01"]
[SourceQuality "1"]

1. Nf3 d5 2. c4 e6 3. d4 Nf6 4. Nc3 dxc4 5. e3 a6 6. a4 c5 7. Bxc4 Nc6 8. 0-0 Be7 9. Qe2 cxd4 10. Rd1 e5 11. exd4 exd4 12. Nxd4 Nxd4 13. Qe5 Qd6 14. Qxd4 Qxd4 15. Rxd4 Bc5 16. Rd3 Bf5 17. Rf3 Bg4 18. Rg3 Rc8 19. Ba2 Bd6 20. Re3+ Kf8 21. Rd3 Be5 22. f4 Bc7 23. Be3 Ba5 24. Bd4 Rd8 25. Kf1 Kg8 26. Re1 Be6 27. Bxe6 fxe6 28. Rxe6 Kf7 29. f5 Rd7 30. Ke2 Nd5 31. Nxd5 Rxd5 32. Be5 Rhd8 33. Rxd5 Rxd5 34. Kf3 Rd1 35. Rd6 Rf1+ 36. Ke4 Re1+ 37. Kd5 Rd1+ 38. Bd4 Ke7 39. f6+ gxf6 40. Re6+ Kd8 41. Rxf6 Rd2 42. Rh6 Rxg2 43. Rxh7 Rd2 44. Ke4 Re2+ 45. Kd3 Rd2+ 46. Ke4 Re2+ 47. Kd3 Rd2+ 48. Ke3 Rg2 49. h4 b5 50. axb5 axb5 51. h5 Bd2+ 52. Kf3 Rh2 53. Kg3 Rh1 54. Kg2 Re1 55. h6 Ke8 56. Rh8+ Kf7 57. Bf2 Rd1 58. Rd8 Kg6 59. Kf3 1-0

[Event "POL-chT 1st League"]
[Site "Katowice"]
[Date "2010.09.12"]
[Round "9"]
[White "Staniszewski, Piotr"]
[Black "Stryjecki, Marek"]
[Result "1/2-1/2"]
[WhiteElo "2404"]
[BlackElo "2422"]
[PlyCount "123"]
[EventDate "2010.09.04"]
[EventType "team-tourn"]
[EventRounds "9"]
[EventCountry "POL"]
[SourceTitle "EXT 2019"]
[Source "ChessBase"]
[SourceDate "2018.10.10"]
[SourceVersion "1"]
[SourceVersionDate "2018.10.10"]
[SourceQuality "1"]
[WhiteTeam "Ostrow Wielkopolski"]
[BlackTeam "Raciborz Silesia"]
[WhiteTeamCountry "POL"]
[BlackTeamCountry "POL"]

1. d4 g6 2. c4 Bg7 3. Nf3 d6 4. g3 e5 5. Nc3 Nc6 6. d5 Nce7 7. Bg2 f5 8. 0-0 Nf6 9. c5 0-0 10. cxd6 cxd6 11. Qb3 h6 12. Rd1 Kh8 13. Nd2 g5 14. Nc4 f4 15. e4 fxe3 16. Nxe3 Ng4 17. Ne4 Nxe3 18. Bxe3 Nf5 19. Rac1 Nd4 20. Bxd4 exd4 21. Qb4 Be5 22. Rxd4 a5 23. Qd2 Bxd4 24. Qxd4+ Kg8 25. Rc3 Bf5 26. h4 Rf7 27. hxg5 hxg5 28. Qe3 Bxe4 29. Qxe4 Kg7 30. Bh3 Qf6 31. Rc2 Re7 32. Be6 Rf8 33. Kg2 Kh8 34. a3 Rg7 35. Bg4 Qg6 36. Qxg6 Rxg6 37. Rc3 Rgf6 38. f3 R6f7 39. Be6 Rh7 40. Rb3 Rc7 41. Rb6 Rd8 42. Kh3 Kg7 43. Kg4 Kg6 44. f4 gxf4 45. gxf4 Kf6 46. b3 Rh7 47. Kg3 Re7 48. Kg4 Rc7 49. a4 Rh7 50. Kg3 Re7 51. Kg4 Rc7 52. Kg3 Ke7 53. Kg4 Rh8 54. Rb5 Kf6 55. Rb6 Rg7+ 56. Kf3 Rd8 57. Ke4 Rc7 58. Kd4 Ke7 59. Ke4 Kf6 60. Kd4 Ke7 61. Ke4 Kf6 62. Kd4 1/2-1/2

[Event "POL-chT 1st League"]
[Site "Ustron"]
[Date "2009.09.20"]
[Round "9.13"]
[White "Staniszewski, Piotr"]
[Black "Gritsak, Orest"]
[Result "1/2-1/2"]
[WhiteElo "2381"]
[BlackElo "2527"]
[PlyCount "27"]
[EventDate "2009.09.12"]
[EventType "team-swiss"]
[EventRounds "9"]
[EventCountry "POL"]
[SourceTitle "EXT 2019"]
[Source "ChessBase"]
[SourceDate "2018.10.10"]
[SourceVersion "1"]
[SourceVersionDate "2018.10.10"]
[SourceQuality "1"]
[WhiteTeam "Ostrow Wielkopolski"]
[BlackTeam "Lublin Drakon SKOK Chmielewskiego"]
[WhiteTeamCountry "POL"]
[BlackTeamCountry "POL"]

1. d4 Nf6 2. Nf3 e6 3. g3 d5 4. Bg2 Be7 5. 0-0 0-0 6. c4 dxc4 7. Qc2 a6 8. Qxc4 b5 9. Qc2 Bb7 10. Bd2 Be4 11. Qc1 Bb7 12. Qc2 Be4 13. Qc1 Bb7 14. Qc2 1/2-1/2

[Event "POL-chT 1st League"]
[Site "Ustron"]
[Date "2009.09.15"]
[Round "4"]
[White "Cajbel, Maciej"]
[Black "Staniszewski, Piotr"]
[Result "1/2-1/2"]
[WhiteElo "2242"]
[BlackElo "2381"]
[PlyCount "108"]
[EventDate "2009.09.12"]
[EventType "team-swiss"]
[EventRounds "9"]
[EventCountry "POL"]
[SourceTitle "CBM 132 Extra"]
[Source "ChessBase"]
[SourceDate "2009.11.03"]
[SourceVersion "1"]
[SourceVersionDate "2009.11.03"]
[SourceQuality "1"]
[WhiteTeam "Wroclaw AZS Politechnika"]
[BlackTeam "Ostrow Wielkopolski"]
[WhiteTeamCountry "POL"]
[BlackTeamCountry "POL"]

1. d4 Nf6 2. c4 e6 3. Nc3 d5 4. Nf3 c6 5. e3 Nbd7 6. Bd3 dxc4 7. Bxc4 b5 8. Bd3 Bd6 9. 0-0 0-0 10. e4 e5 11. a3 Re8 12. Bg5 exd4 13. Nxd4 Ne5 14. Be2 Bc5 15. Nf5 Qxd1 16. Raxd1 Bxf5 17. exf5 Rad8 18. Bxf6 gxf6 19. Ne4 Be7 20. f4 Nd7 21. Bf3 Nb6 22. Rxd8 Rxd8 23. Rc1 Rc8 24. Be2 a6 25. b4 Nd7 26. Rd1 Rc7 27. Nc3 Nb6 28. Ne4 Nd7 29. Nc3 Nb6 30. Ne4 Na4 31. Rd3 c5 32. bxc5 Nxc5 33. Rg3+ Kf8 34. Nc3 Nb3 35. Kf2 Bc5+ 36. Ke1 Bxa3 37. Nd5 Rc1+ 38. Bd1 Nd4 39. Rxa3 Nc2+ 40. Kd2 Rxd1+ 41. Kxc2 Rxd5 42. Rxa6 Rxf5 43. g3 Kg7 44. Kd3 Rc5 45. Rb6 Kg6 46. g4 h6 47. h4 Kg7 48. h5 Rc4 49. Ke3 b4 50. Kf3 Rc3+ 51. Ke4 b3 52. Kf5 Re3 53. Rb8 Rc3 54. Rb6 Rc5+ 1/2-1/2

[Event "Polanica Zdroj op-A 45th"]
[Site "Polanica Zdroj"]
[Date "2009.08.21"]
[Round "4"]
[White "Piorun, Kacper"]
[Black "Staniszewski, Piotr"]
[Result "1-0"]
[WhiteElo "2457"]
[BlackElo "2383"]
[PlyCount "35"]
[EventDate "2009.08.18"]
[EventType "swiss"]
[EventRounds "10"]
[EventCountry "POL"]
[SourceTitle "CBM 131 Extra"]
[Source "ChessBase"]
[SourceDate "2009.09.03"]
[SourceVersion "2"]
[SourceVersionDate "2009.09.16"]
[SourceQuality "1"]

1. e4 e5 2. Nf3 Nc6 3. Bc4 Bc5 4. 0-0 Nf6 5. d4 exd4 6. e5 d5 7. exf6 dxc4 8. Re1+ Be6 9. Ng5 Qd5 10. Nc3 Qf5 11. g4 Qxf6 12. Nd5 Qd8 13. Rxe6+ fxe6 14. Nxe6 Qd7 15. Ndxc7+ Kf7 16. Ng5+ Kg6 17. Qf3 Rad8 18. Nce6 1-0

[Event "Polanica Zdroj op-A 45th"]
[Site "Polanica Zdroj"]
[Date "2009.08.20"]
[Round "3"]
[White "Staniszewski, Piotr"]
[Black "Obrusnik, Michal"]
[Result "1-0"]
[WhiteElo "2383"]
[BlackElo "2165"]
[PlyCount "221"]
[EventDate "2009.08.18"]
[EventType "swiss"]
[EventRounds "10"]
[EventCountry "POL"]
[SourceTitle "CBM 131 Extra"]
[Source "ChessBase"]
[SourceDate "2009.09.03"]
[SourceVersion "2"]
[SourceVersionDate "2009.09.16"]
[SourceQuality "1"]

1. d4 Nf6 2. Nf3 e6 3. g3 d5 4. Bg2 Be7 5. c4 c6 6. 0-0 0-0 7. Qc2 Nbd7 8. Nbd2 b6 9. e4 Bb7 10. e5 Ne8 11. cxd5 cxd5 12. Re1 Rc8 13. Qd1 b5 14. Nf1 a5 15. h4 h6 16. N1h2 Qb6 17. Ng4 b4 18. Bf4 Ba6 19. Bh3 Qb5 20. Rc1 Nc7 21. Bf1 Qb6 22. Bxa6 Qxa6 23. Qd2 Rfe8 24. Nf6+ gxf6 25. exf6 Bxf6 26. Bxc7 Bg7 27. Qf4 Qd3 28. Bxa5 b3 29. axb3 Qxb3 30. Rxc8 Rxc8 31. Bc3 Ra8 32. Kg2 Rc8 33. Ra1 Qb7 34. Qd6 Nb6 35. Qb4 Qc7 36. Nd2 Nc4 37. Nxc4 dxc4 38. Kg1 Qd7 39. Qb6 Qd5 40. Ra7 Ra8 41. Rxa8+ Qxa8 42. Qb5 Qa1+ 43. Kg2 Qa8+ 44. f3 Qc8 45. d5 Bxc3 46. bxc3 exd5 47. Qxd5 Qa6 48. Kh3 Qc8+ 49. g4 Qa6 50. Kg3 Qa2 51. Qd8+ Kg7 52. Qd4+ Kg8 53. h5 Qe2 54. Qe4 Qf1 55. Kf4 Kg7 56. Qe5+ Kg8 57. Qe8+ Kg7 58. Qe3 Kg8 59. Ke4 Qb1+ 60. Kf4 Qb7 61. Qe5 Qb1 62. Qd4 Qf1 63. Ke4 Qb1+ 64. Kd5 Qb7+ 65. Kxc4 Qxf3 66. Kc5 Qb7 67. Qd8+ Kg7 68. c4 Qa7+ 69. Kb5 Qb7+ 70. Kc5 Qa7+ 71. Kd5 Qa2 72. Qd7 Qb3 73. Qf5 Qb7+ 74. Kc5 Qc7+ 75. Kb4 Qb6+ 76. Kc3 Qe3+ 77. Qd3 Qe1+ 78. Kb3 Qe6 79. Qd4+ Kg8 80. Kb4 Qe1+ 81. Kb5 Qe8+ 82. Kc5 Qc8+ 83. Kb5 Qe8+ 84. Kb4 Qb8+ 85. Ka3 Qa8+ 86. Kb4 Qb8+ 87. Kc3 Qg3+ 88. Kc2 Qg2+ 89. Kb3 Qb7+ 90. Kc3 Qf3+ 91. Kd2 Qg2+ 92. Ke1 Qg3+ 93. Kd1 Qf3+ 94. Kc1 Qa3+ 95. Qb2 Qe3+ 96. Qd2 Qa3+ 97. Kc2 Qa2+ 98. Kd3 Qa6 99. Qb4 Kg7 100. Kc3 Qf6+ 101. Kb3 Qe6 102. Qc3+ Kg8 103. Qd4 Kh7 104. Kb4 Qe1+ 105. Kb5 Qe8+ 106. Kb4 Qe1+ 107. Qc3 Qe4 108. Qf6 Qxg4 109. Qxf7+ Kh8 110. Qf6+ Kg8 111. Qg6+ 1-0